[Event "38th ECC Open 2023"]
[Site "Durres ALB"]
[Date "2023.10.04"]
[Round "4.11"]
[Board "5"]
[White "Dishman, Stephen"]
[Black "Pezelj, Novak"]
[Result "0-1"]
[WhiteTitle "FM"]
[BlackTitle "IM"]
[WhiteElo "2304"]
[BlackElo "2476"]
[WhiteTeam "CE Gambit Bonnevoie"]
[BlackTeam "SK Zmaj"]
[WhiteFideId "403024"]
[BlackFideId "927570"]
[EventDate "2023.10.01"]

1. d4 d6 2. e4 g6 3. Nf3 Bg7 4. Be3 Nf6 5. Nc3 a6 6. Qd2 h6 7. h3 b5 8. Bd3 Bb7
9. e5 b4 10. Ne2 Nd5 11. e6 fxe6 12. Bxg6+ Kd7 13. c4 bxc3 14. bxc3 Nb6 15. Nf4
Qg8 16. Bh5 Nc6 17. Bg4 Nd8 18. Rb1 h5 19. Nxh5 Rxh5 20. Bxh5 Qh7 21. Rxb6 cxb6
22. Bg4 Qb1+ 23. Qd1 Qxa2 24. O-O Qd5 25. Qb1 b5 26. Qg6 Bf6 27. Re1 a5 28. Bg5
Bxg5 29. Qxg5 a4 30. Qd2 a3 31. Ra1 Qb3 32. Qc1 Qb2 33. Nd2 Qxc1+ 34. Rxc1 Bd5
35. Ra1 a2 36. Kf1 Ra3 37. Bf3 Bxf3 38. Nxf3 Nc6 39. Ke2 b4 40. cxb4 Nxb4 41.
Kd2 Kc6 42. h4 Kb5 43. h5 Kc4 44. h6 Kb3 45. Kc1 Nd3+ 46. Kd2 Nxf2 47. h7 Ra8
48. Ng5 Rh8 49. Ke3 Ng4+ 50. Kf4 Nf6 51. Re1 Nxh7 52. Nxh7 Rxh7 53. g4 Rh2 54.
g5 Rg2 0-1

[Event "38th ECC Open 2023"]
[Site "Durres ALB"]
[Date "2023.10.04"]
[Round "4.11"]
[Board "6"]
[White "Sukovic, Andrej"]
[Black "Geske, Bruna"]
[Result "1-0"]
[WhiteTitle "FM"]
[BlackTitle "WFM"]
[WhiteElo "2380"]
[BlackElo "2057"]
[WhiteTeam "SK Zmaj"]
[BlackTeam "CE Gambit Bonnevoie"]
[WhiteFideId "16502310"]
[BlackFideId "4701100"]
[EventDate "2023.10.01"]

1. e4 c5 2. Nf3 d6 3. d4 cxd4 4. Nxd4 Nf6 5. Nc3 a6 6. Qd3 Nbd7 7. Bd2 Nc5 8.
Qe2 d5 9. exd5 Nxd5 10. O-O-O e6 11. Nf5 g6 12. Kb1 gxf5 13. Nxd5 Ne4 14. Bc3
Nxc3+ 15. Nxc3 Qc7 16. Nd5 Qb8 17. Nf6+ Ke7 18. Nd5+ Ke8 19. Nb6 Be7 20. Qe3 f4
21. Qe4 Qa7 22. Nxa8 Qxa8 23. Qxf4 b5 24. Be2 Bb7 25. Bh5 Rf8 26. Rhe1 Bd5 27.
Re3 Qd8 28. Rxe6 Bxa2+ 29. Kxa2 1-0

[Event "38th ECC Open 2023"]
[Site "Durres ALB"]
[Date "2023.10.04"]
[Round "4.12"]
[Board "1"]
[White "Macias Pino, Diego"]
[Black "Kadric, Denis"]
[Result "0-1"]
[WhiteTitle "FM"]
[BlackTitle "GM"]
[WhiteElo "2454"]
[BlackElo "2579"]
[WhiteTeam "Paterna Chess Club"]
[BlackTeam "Elektroprivreda"]
[WhiteFideId "24529133"]
[BlackFideId "14403803"]
[EventDate "2023.10.01"]

1. e4 e5 2. Nf3 Nc6 3. Bc4 d6 4. d4 Nf6 5. dxe5 dxe5 6. Qxd8+ Nxd8 7. Nxe5 Bd6
8. Nd3 Nxe4 9. Nd2 Nxd2 10. Bxd2 Be6 11. Bxe6 Nxe6 12. O-O-O O-O-O 13. Rhe1 Rhe8
14. Ne5 Re7 15. Nc4 Red7 16. Be3 a6 17. Nxd6+ Rxd6 18. Rxd6 Rxd6 19. c3 Kd7 20.
Kc2 b5 21. a4 Rd5 22. axb5 axb5 23. h4 h5 24. Ra1 Nd8 25. Ra8 g6 26. b4 Rf5 27.
Kd3 Nc6 28. Ke2 Ne7 29. Bd4 Nc6 30. Be3 Nd8 31. Kd3 Ne6 32. Ke4 Ng7 33. c4 bxc4
34. Kd4 Rf6 35. Kc3 Nf5 36. Bg5 Rc6 37. b5 Rb6 38. Rd8+ Ke6 39. Bf4 Rxb5 40. g3
Nd6 41. Ra8 Kd5 42. Kc2 Rb3 43. Rf8 Rf3 44. Be3 Nf5 45. Rd8+ Kc6 46. Ba7 Ra3 0-1

[Event "38th ECC Open 2023"]
[Site "Durres ALB"]
[Date "2023.10.04"]
[Round "4.12"]
[Board "2"]
[White "Petrov, Nikita"]
[Black "Pallardo Lozoya, Jose Vicente"]
[Result "1-0"]
[WhiteTitle "GM"]
[BlackTitle "IM"]
[WhiteElo "2551"]
[BlackElo "2371"]
[WhiteTeam "Elektroprivreda"]
[BlackTeam "Paterna Chess Club"]
[WhiteFideId "4101286"]
[BlackFideId "2230380"]
[EventDate "2023.10.01"]

1. d4 d5 2. c4 c6 3. Nf3 Nf6 4. Nc3 e6 5. cxd5 exd5 6. Qc2 Be7 7. Bg5 Nbd7 8. e3
Nh5 9. h4 Ndf6 10. Bd3 h6 11. Bf4 Nxf4 12. exf4 Bg4 13. Ne5 Qb6 14. Be2 Bxe2 15.
Nxe2 Ne4 16. g3 O-O 17. O-O Rfe8 18. Rad1 Rad8 19. Nc3 Bb4 20. Nxe4 dxe4 21. Qb3
Bd6 22. Qxf7+ Kh8 23. Qg6 Bxe5 24. dxe5 e3 25. Qc2 exf2+ 26. Qxf2 Qa5 27. b3 b6
28. Qc2 Qa3 29. Rfe1 c5 30. Rxd8 Rxd8 31. e6 Qb4 32. Re4 Rd1+ 33. Qxd1 Qxe4 34.
f5 b5 35. Qf1 c4 36. f6 Qg6 37. Qf4 gxf6 38. bxc4 bxc4 39. Qb8+ Kg7 40. Qxa7+
Kf8 41. Qc5+ Kg7 42. Qe7+ Kg8 43. Qf7+ Qxf7 44. exf7+ Kxf7 45. Kf2 Ke6 46. Ke3
Kd5 47. Kd2 Kd4 48. a4 h5 49. a5 Kd5 1-0

[Event "38th ECC Open 2023"]
[Site "Durres ALB"]
[Date "2023.10.04"]
[Round "4.12"]
[Board "3"]
[White "Llobell Cortell, Enrique"]
[Black "Draskovic, Luka"]
[Result "1/2-1/2"]
[WhiteTitle "IM"]
[BlackTitle "GM"]
[WhiteElo "2367"]
[BlackElo "2481"]
[WhiteTeam "Paterna Chess Club"]
[BlackTeam "Elektroprivreda"]
[WhiteFideId "2216116"]
[BlackFideId "944335"]
[EventDate "2023.10.01"]

1. e4 d6 2. Nc3 Nf6 3. f4 g6 4. d4 Bg7 5. Nf3 O-O 6. e5 dxe5 7. fxe5 Nd5 8. Bc4
Nxc3 9. bxc3 c5 10. O-O Bg4 11. h3 Bxf3 12. Qxf3 Nc6 13. Bxf7+ Kh8 14. e6 cxd4
15. Rb1 dxc3 16. Rxb7 Rc8 17. Bg5 Rc7 18. Rbb1 Nd4 19. Qe4 Nf5 20. Bf4 Rc5 21.
Rb7 Nd6 22. Bxd6 Qxd6 23. Rd7 Qg3 24. Qf4 Qxf4 25. Rxf4 Bh6 26. Rg4 Bg5 27. Rxg5
Rxg5 28. Rxe7 Kg7 29. Rc7 Rd8 30. Be8+ Kf6 31. Bd7 Rb8 32. Rxc3 Rb1+ 33. Kh2 Re1
34. g4 Rge5 35. Rf3+ Kg5 36. Kg3 Rg1+ 37. Kh2 Rc1 38. Kg3 Rg1+ 39. Kh2 Rge1 40.
Kg3 Rg1+ 1/2-1/2

[Event "38th ECC Open 2023"]
[Site "Durres ALB"]
[Date "2023.10.04"]
[Round "4.12"]
[Board "4"]
[White "Tomic, Aleksandar"]
[Black "Vassallo Barroche, Mauricio"]
[Result "1/2-1/2"]
[WhiteTitle "IM"]
[BlackTitle "IM"]
[WhiteElo "2405"]
[BlackElo "2363"]
[WhiteTeam "Elektroprivreda"]
[BlackTeam "Paterna Chess Club"]
[WhiteFideId "16501799"]
[BlackFideId "101648"]
[EventDate "2023.10.01"]

1. d4 Nf6 2. c4 e6 3. Nc3 d5 4. Nf3 Be7 5. Bg5 O-O 6. e3 h6 7. Bh4 Ne4 8. Bxe7
Qxe7 9. cxd5 Nxc3 10. bxc3 exd5 11. Bd3 c5 12. O-O Nd7 13. a4 Nf6 14. Qb1 Be6
15. a5 Rac8 16. Re1 Rc7 17. h3 Rd8 18. Qb2 Qd6 19. Reb1 Rb8 20. Qa3 Qf8 21. Rb5
c4 22. Qxf8+ Kxf8 23. Bc2 Ne8 24. Ne5 Nd6 25. Rb4 b5 26. f3 a6 27. e4 Re8 28.
Rbb1 g5 29. Re1 f6 30. Ng6+ Kg7 31. e5 1/2-1/2

[Event "38th ECC Open 2023"]
[Site "Durres ALB"]
[Date "2023.10.04"]
[Round "4.12"]
[Board "5"]
[White "Sos Andreu, Eric"]
[Black "Djurovic, Peko"]
[Result "1-0"]
[WhiteTitle "IM"]
[WhiteElo "2354"]
[BlackElo "2327"]
[WhiteTeam "Paterna Chess Club"]
[BlackTeam "Elektroprivreda"]
[WhiteFideId "22247017"]
[BlackFideId "16503902"]
[EventDate "2023.10.01"]

1. d4 d5 2. c4 e6 3. Nf3 Nf6 4. g3 Be7 5. Bg2 O-O 6. O-O dxc4 7. Qc2 a6 8. a4
Bd7 9. Rd1 Bc6 10. Nc3 Nd5 11. e4 Nxc3 12. bxc3 b5 13. Ne5 Qe8 14. Bf4 g5 15.
Be3 f6 16. Nxc6 Nxc6 17. Bh3 e5 18. axb5 axb5 19. Rxa8 Qxa8 20. d5 Na5 21. Ra1
Qa6 22. Be6+ Kg7 23. Qe2 c5 24. h4 Qb6 25. Qh5 Qd8 26. Kg2 Nb3 27. hxg5 Qe8 28.
Qh6+ Kh8 29. Rh1 1-0

[Event "38th ECC Open 2023"]
[Site "Durres ALB"]
[Date "2023.10.04"]
[Round "4.12"]
[Board "6"]
[White "Miletic, Vuk"]
[Black "Torres Sanchez, Jose"]
[Result "1-0"]
[BlackTitle "FM"]
[WhiteElo "2190"]
[BlackElo "2187"]
[WhiteTeam "Elektroprivreda"]
[BlackTeam "Paterna Chess Club"]
[WhiteFideId "16503406"]
[BlackFideId "2217210"]
[EventDate "2023.10.01"]

1. d4 d5 2. Nf3 c5 3. dxc5 e6 4. e4 Bxc5 5. exd5 exd5 6. Bd3 Ne7 7. h3 O-O 8.
O-O Nbc6 9. a3 a5 10. Nc3 h6 11. Bf4 Be6 12. Qd2 Ng6 13. Bg3 Qf6 14. Rfe1 Rad8
15. Kh2 Nd4 16. Nxd4 Bxd4 17. Bxg6 Bxc3 18. Bxf7+ Rxf7 19. bxc3 Bf5 20. Rab1 d4
21. cxd4 Rxd4 22. Qxa5 Qc6 23. Qe5 Re4 24. Qb8+ Kh7 25. Qd6 Qxc2 26. Rbc1 Qb3
27. Rxe4 Bxe4 28. Qb4 Qxb4 29. axb4 Rd7 30. Re1 Bc6 31. Be5 Rd2 32. Kg3 Rd3+ 33.
f3 Rd2 34. Ba1 Bb5 35. Re7 Rd7 36. Re5 Bf1 37. Kf2 Bc4 38. Bc3 Rd3 39. Be1 Rd7
40. h4 Kg6 41. Rc5 Bd5 42. Bc3 h5 43. Ke3 Kf7 44. Kf4 g6 45. Ke5 Bb3 46. Rc8
Rd5+ 47. Kf4 Ba4 48. Rh8 b5 49. Rh7+ Ke6 50. Rb7 Bc2 51. Rb6+ Ke7 52. g4 Bb1 53.
Be5 Ba2 54. Rxg6 Rd3 55. gxh5 Bd5 56. Rg3 Rb3 57. h6 Rxb4+ 58. Kg5 Bg8 59. Kg6
Rxh4 60. Kg7 1-0

[Event "38th ECC Open 2023"]
[Site "Durres ALB"]
[Date "2023.10.04"]
[Round "4.13"]
[Board "1"]
[White "Shirov, Alexei"]
[Black "Aditya, Mittal"]
[Result "1/2-1/2"]
[WhiteTitle "GM"]
[BlackTitle "GM"]
[WhiteElo "2655"]
[BlackElo "2572"]
[WhiteTeam "Schachgesellschaft Zurich"]
[BlackTeam "Gambit Asseco-SEE"]
[WhiteFideId "2209390"]
[BlackFideId "35042025"]
[EventDate "2023.10.01"]

1. e4 c5 2. Nf3 e6 3. d4 cxd4 4. Nxd4 Nc6 5. Nc3 Nf6 6. Ndb5 Bb4 7. a3 Bxc3+ 8.
Nxc3 d5 9. exd5 exd5 10. Bd3 O-O 11. O-O Bg4 12. f3 d4 13. fxg4 dxc3 14. bxc3
Ne5 15. g5 Nd5 16. Be4 Nxc3 17. Qxd8 Rfxd8 18. Bxb7 Rab8 19. Ba6 Rb6 20. Bf4
Rxa6 21. Bxe5 Ne2+ 22. Kf2 Re8 23. Rfb1 f6 24. Rb8 Rxb8 25. Bxb8 Nd4 26. c4 fxg5
27. Rd1 Nc6 28. Bd6 Kf7 29. Bb4 Nxb4 30. axb4 Ra4 31. Rd7+ Kf6 32. Rb7 a5 33.
bxa5 Rxa5 34. Rb6+ Ke5 35. Rb5+ Rxb5 36. cxb5 Kd5 37. Kf3 Kc5 38. Ke4 Kxb5 39.
Kd5 g4 40. g3 g6 41. Ke5 Kc5 42. Kf6 Kd5 43. Kg7 Ke6 44. Kxh7 Kf7 1/2-1/2

[Event "38th ECC Open 2023"]
[Site "Durres ALB"]
[Date "2023.10.04"]
[Round "4.13"]
[Board "2"]
[White "Arnaudov, G. Petar"]
[Black "Bauer, Christian"]
[Result "1/2-1/2"]
[WhiteTitle "GM"]
[BlackTitle "GM"]
[WhiteElo "2428"]
[BlackElo "2552"]
[WhiteTeam "Gambit Asseco-SEE"]
[BlackTeam "Schachgesellschaft Zurich"]
[WhiteFideId "2907127"]
[BlackFideId "603767"]
[EventDate "2023.10.01"]

1. Nf3 b6 2. g3 Bb7 3. Bg2 c5 4. O-O g6 5. c4 Bg7 6. Nc3 Nc6 7. e3 Bxc3 8. bxc3
d6 9. d3 Qd7 10. Ne1 f5 11. e4 O-O-O 12. exf5 gxf5 13. a4 Nf6 14. Bg5 Ng4 15.
Nf3 Rhg8 16. Re1 Rg7 17. d4 Rdg8 18. h3 Na5 19. dxc5 bxc5 20. Rb1 Bc6 21. hxg4
fxg4 22. Ne5 dxe5 23. Be3 Bxg2 24. Kxg2 e6 25. Qxd7+ Rxd7 26. Rb5 Nxc4 27. Rxc5+
Rc7 28. Rxc7+ Kxc7 29. Bxa7 Ra8 30. Bc5 Rxa4 31. Bb4 1/2-1/2

[Event "38th ECC Open 2023"]
[Site "Durres ALB"]
[Date "2023.10.04"]
[Round "4.13"]
[Board "3"]
[White "Pelletier, Yannick"]
[Black "Nikolovski, Nikola"]
[Result "0-1"]
[WhiteTitle "GM"]
[BlackTitle "IM"]
[WhiteElo "2514"]
[BlackElo "2382"]
[WhiteTeam "Schachgesellschaft Zurich"]
[BlackTeam "Gambit Asseco-SEE"]
[WhiteFideId "1301837"]
[BlackFideId "15002314"]
[EventDate "2023.10.01"]

1. Nf3 e6 2. c4 f5 3. g3 Nf6 4. Bg2 Be7 5. O-O O-O 6. b3 d6 7. d4 Qe8 8. Bb2
Nbd7 9. Nc3 Qh5 10. Ne1 Qh6 11. Nd3 e5 12. Nd5 Bd8 13. dxe5 dxe5 14. Nxf6+ Bxf6
15. e4 f4 16. gxf4 exf4 17. e5 Be7 18. Kh1 Rf5 19. Bd5+ Kh8 20. Qf3 c6 21. Be4
Rh5 22. Nxf4 Rxh2+ 23. Kg1 Nc5 24. Ne2 Nxe4 25. Qxe4 Rh4 26. f4 Bg4 27. Nd4 Bc5
28. Rae1 Rh2 29. Bc3 Qh3 30. Re3 Rg2+ 31. Qxg2 Qxe3+ 32. Kh2 Qxc3 0-1

[Event "38th ECC Open 2023"]
[Site "Durres ALB"]
[Date "2023.10.04"]
[Round "4.13"]
[Board "4"]
[White "Veljanoski, Andrej"]
[Black "Petkidis, Anthony"]
[Result "1-0"]
[WhiteTitle "FM"]
[BlackTitle "IM"]
[WhiteElo "2261"]
[BlackElo "2429"]
[WhiteTeam "Gambit Asseco-SEE"]
[BlackTeam "Schachgesellschaft Zurich"]
[WhiteFideId "15003604"]
[BlackFideId "24673390"]
[EventDate "2023.10.01"]

1. e4 c6 2. d4 d5 3. e5 Bf5 4. Nf3 e6 5. Be2 Nd7 6. O-O a5 7. a4 f6 8. exf6 Qxf6
9. Bg5 Qf7 10. Nh4 Bd6 11. Nxf5 Qxf5 12. Bh4 Nh6 13. Nd2 O-O 14. Nf3 Qg6 15. Bg3
Nf5 16. Bd3 Qf6 17. Bxd6 Nxd6 18. Qe2 Rae8 19. Ne5 Qd8 20. Nxd7 Qxd7 21. f4 Rf6
22. Rf3 Ref8 23. Raf1 b6 24. c3 c5 25. b3 Rc8 26. Qe5 c4 27. bxc4 Nxc4 28. Qe1
Qxa4 29. f5 exf5 30. Rxf5 Qe8 31. Qh4 Qe3+ 32. Kh1 Rh6 33. Qg4 Re8 34. Rf7 g6
35. Qd7 Rh5 36. Rg7+ Kh8 37. Rff7 Qe1+ 38. Bf1 Qe6 39. Rxh7+ Kg8 40. Rf8+ 1-0

[Event "38th ECC Open 2023"]
[Site "Durres ALB"]
[Date "2023.10.04"]
[Round "4.13"]
[Board "5"]
[White "Vogt, Lothar"]
[Black "Zlatkov, Anton"]
[Result "1/2-1/2"]
[WhiteTitle "GM"]
[WhiteElo "2286"]
[BlackElo "2198"]
[WhiteTeam "Schachgesellschaft Zurich"]
[BlackTeam "Gambit Asseco-SEE"]
[WhiteFideId "4611292"]
[BlackFideId "15005402"]
[EventDate "2023.10.01"]

1. e4 c5 2. c3 Nf6 3. e5 Nd5 4. Nf3 Nc6 5. Bc4 Nb6 6. Bb3 c4 7. Bc2 Qc7 8. Qe2
g5 9. Na3 g4 10. Nb5 Qb8 11. Nh4 Bg7 12. Nf5 Bxe5 13. Qxg4 d5 14. d4 cxd3 15.
Bxd3 a6 16. Nbd4 Nxd4 17. cxd4 h5 18. Qd1 Bxf5 19. Bxf5 Bd6 20. h3 Bb4+ 21. Bd2
Qd6 22. Rc1 Bxd2+ 23. Qxd2 Nc4 24. Qc3 Qf4 25. Bd3 Rc8 26. O-O O-O 27. Bxc4 Rxc4
28. Qe1 e6 29. Rxc4 dxc4 30. Qb4 b5 31. a4 Qxd4 32. axb5 Rb8 33. Rc1 Rxb5 34.
Qxc4 Qxc4 35. Rxc4 Rxb2 36. Ra4 Rb6 37. Ra5 f5 38. g4 hxg4 39. hxg4 fxg4 40. Kg2
Kf7 41. Kg3 Ke7 42. Kxg4 Kd6 43. Kf4 Kc7 44. Ke4 Rc6 45. Ra2 1/2-1/2

[Event "38th ECC Open 2023"]
[Site "Durres ALB"]
[Date "2023.10.04"]
[Round "4.13"]
[Board "6"]
[White "Andonovski, Ljubisa"]
[Black "Friedrich, Norbert"]
[Result "1/2-1/2"]
[WhiteTitle "FM"]
[BlackTitle "FM"]
[WhiteElo "2268"]
[BlackElo "2193"]
[WhiteTeam "Gambit Asseco-SEE"]
[BlackTeam "Schachgesellschaft Zurich"]
[WhiteFideId "15000427"]
[BlackFideId "4602102"]
[EventDate "2023.10.01"]

1. d4 d5 2. c4 dxc4 3. Nf3 Nf6 4. e3 e6 5. Bxc4 c5 6. O-O Nc6 7. Nc3 Be7 8. dxc5
Qxd1 9. Rxd1 Bxc5 10. b3 O-O 11. Bb2 b6 12. Nb5 Bb7 13. Nd6 Bxd6 14. Rxd6 Rfd8
15. Rdd1 Rxd1+ 16. Rxd1 Rd8 17. Rxd8+ Nxd8 18. Ne5 Nc6 19. f3 Nxe5 20. Bxe5 Nd5
21. e4 Nb4 22. a3 Nc6 23. Bd6 Na5 24. Kf2 Nxc4 25. bxc4 Ba6 26. c5 Bb7 27. Bb8
bxc5 28. Bxa7 c4 29. Ke3 Kf8 30. Kd4 Ke7 31. Kxc4 Bc6 32. Kb4 Kd7 33. a4 f5 34.
exf5 exf5 35. Be3 g6 36. a5 Bb7 37. Kb5 Ba8 38. Bf4 Bd5 39. h4 Ba8 40. Kb6 Bd5
41. a6 Bc6 42. Bh2 Bd5 43. Bg3 Bc6 44. Kc5 Ba8 45. Bf4 h5 46. Bh2 Bc6 47. Kb6
Bd5 48. Kc5 Bc6 49. Bb8 Ba8 50. Kd4 Ke6 51. Ke3 Bc6 52. Kf4 Ba8 53. Kg5 Kf7 54.
Be5 Bc6 55. Bh2 Ba8 56. Kf4 Ke6 57. Ke3 Kd5 58. Bb8 Bc6 59. Bh2 Bb5 1/2-1/2

[Event "38th ECC Open 2023"]
[Site "Durres ALB"]
[Date "2023.10.05"]
[Round "5.1"]
[Board "1"]
[White "Rapport, Richard"]
[Black "Vachier-Lagrave, Maxime"]
[Result "1/2-1/2"]
[WhiteTitle "GM"]
[BlackTitle "GM"]
[WhiteElo "2752"]
[BlackElo "2727"]
[WhiteTeam "Superchess"]
[BlackTeam "Asnieres - Le Grand Echiquier"]
[WhiteFideId "738590"]
[BlackFideId "623539"]
[EventDate "2023.10.01"]

1. e4 c5 2. Nf3 d6 3. Bb5+ Bd7 4. c4 Nc6 5. Nc3 e5 6. d3 Nge7 7. h4 h5 8. Bg5 f6
9. Be3 g6 10. Qd2 Nd4 11. Bxd7+ Qxd7 12. O-O-O b5 13. Nxb5 Nxb5 14. cxb5 Qxb5
15. Kb1 d5 16. Qc2 d4 17. Bc1 Nc8 18. Nd2 Nb6 19. f4 exf4 20. Nc4 Nxc4 21. dxc4
Qc6 22. Bxf4 Bg7 23. Rhg1 Kf7 24. Rde1 Rae8 25. Re2 Re6 26. Qd3 Rhe8 27. Rge1 a5
28. Bc1 a4 29. Qf3 Kg8 30. Qd3 R8e7 31. Kc2 Kh7 32. Kd1 Bh6 33. Bxh6 Kxh6 34.
Kc2 Re5 35. Qf3 Kg7 36. Kd3 Qb6 37. Qf4 R7e6 38. Qd2 Qb7 39. Qc2 Qb4 40. Qd2
Qxd2+ 41. Rxd2 Re8 42. b4 axb3 43. axb3 f5 44. Rde2 Rb8 45. Kc2 Kf6 46. exf5
Rxe2+ 47. Rxe2 gxf5 48. Kb2 f4 49. Kc2 Rg8 50. b4 Rg3 51. Rd2 Rc3+ 52. Kd1 Rxc4
53. bxc5 Ke5 54. Re2+ Kd5 55. Re8 Rxc5 56. Kd2 Ra5 57. Rd8+ Ke4 58. Re8+ Re5 59.
Rh8 Ra5 60. Re8+ Re5 61. Rh8 d3 62. Rh7 Re6 63. Rxh5 Ra6 64. Rg5 Ra2+ 65. Ke1
Ke3 66. Re5+ Kd4 67. Rg5 Ra1+ 68. Kd2 Ra2+ 69. Ke1 Re2+ 70. Kd1 Ke3 71. h5 1/2-1/2

[Event "38th ECC Open 2023"]
[Site "Durres ALB"]
[Date "2023.10.05"]
[Round "5.1"]
[Board "2"]
[White "Martirosyan, Haik M."]
[Black "Anand, Viswanathan"]
[Result "1/2-1/2"]
[WhiteTitle "GM"]
[BlackTitle "GM"]
[WhiteElo "2696"]
[BlackElo "2754"]
[WhiteTeam "Asnieres - Le Grand Echiquier"]
[BlackTeam "Superchess"]
[WhiteFideId "13306553"]
[BlackFideId "5000017"]
[EventDate "2023.10.01"]

1. d4 d5 2. c4 dxc4 3. Nf3 Nf6 4. e3 e6 5. Bxc4 c5 6. O-O a6 7. Be2 cxd4 8. Nxd4
Be7 9. Qc2 O-O 10. Rd1 Bd7 11. Na3 Qe8 12. Nc4 Nc6 13. Nb6 Nxd4 14. exd4 Rd8 15.
Bf4 Nd5 16. Nxd5 exd5 17. Qc7 Bc6 18. Bd3 Qd7 19. Qxd7 Bxd7 20. Rac1 Rc8 21.
Rxc8 Rxc8 22. Rc1 Rxc1+ 23. Bxc1 Bd6 24. Bd2 f6 25. f3 g6 26. g3 Kf7 27. Kf2 h5
28. h4 Be6 29. Bc2 Bd7 30. Bd3 Be6 1/2-1/2

[Event "38th ECC Open 2023"]
[Site "Durres ALB"]
[Date "2023.10.05"]
[Round "5.1"]
[Board "3"]
[White "Deac, Bogdan-Daniel"]
[Black "Moussard, Jules"]
[Result "1/2-1/2"]
[WhiteTitle "GM"]
[BlackTitle "GM"]
[WhiteElo "2701"]
[BlackElo "2642"]
[WhiteTeam "Superchess"]
[BlackTeam "Asnieres - Le Grand Echiquier"]
[WhiteFideId "1226380"]
[BlackFideId "642908"]
[EventDate "2023.10.01"]

1. e4 c5 2. Nf3 d6 3. d4 cxd4 4. Nxd4 Nf6 5. Bd3 Nc6 6. Nxc6 bxc6 7. O-O g6 8.
b3 Bg7 9. Bb2 O-O 10. Nd2 e5 11. Nc4 Be6 12. Re1 Qc7 13. Qd2 Rad8 14. Qa5 Qb8
15. Qa6 Rc8 16. Rad1 Rfd8 17. Bf1 Ne8 18. Na5 Qc7 19. b4 Bf8 20. a3 Qb6 21. Bc1
d5 22. Nb7 Rd7 23. Nc5 Bxc5 24. bxc5 Qxa6 25. Bxa6 Rcd8 26. exd5 Rxd5 27. Rxd5
Rxd5 28. Bb2 Rxc5 29. Bd3 f6 30. f4 Bc4 31. fxe5 Bxd3 32. exf6 Nxf6 33. cxd3 1/2-1/2

[Event "38th ECC Open 2023"]
[Site "Durres ALB"]
[Date "2023.10.05"]
[Round "5.1"]
[Board "4"]
[White "Oparin, Grigoriy"]
[Black "Van Foreest, Jorden"]
[Result "1/2-1/2"]
[WhiteTitle "GM"]
[BlackTitle "GM"]
[WhiteElo "2681"]
[BlackElo "2707"]
[WhiteTeam "Asnieres - Le Grand Echiquier"]
[BlackTeam "Superchess"]
[WhiteFideId "24125890"]
[BlackFideId "1039784"]
[EventDate "2023.10.01"]

1. e4 e5 2. Nf3 Nc6 3. Bc4 Nf6 4. d3 Be7 5. O-O O-O 6. Re1 d6 7. a4 h6 8. a5 a6
9. Nc3 Re8 10. Nd5 Nxd5 11. Bxd5 Nxa5 12. Rxa5 c6 13. Bxc6 bxc6 14. Bd2 Rb8 15.
b4 Bf8 16. c4 Qd7 17. Bc3 Bb7 18. Nd2 Rbd8 19. Qf3 Qe6 20. Nf1 d5 21. c5 d4 22.
Bd2 Rb8 23. Rea1 Bc8 24. R5a4 Kh7 25. Be1 Rb5 26. h3 Be7 27. Nd2 a5 28. Rxa5
Rxb4 29. Nc4 Rb5 30. Rxb5 cxb5 31. Nd6 Bxd6 32. cxd6 Qxd6 33. Qxf7 Rf8 34. Qh5
Be6 35. Rb1 Ra8 36. Kh2 Qc5 37. Bb4 Qc2 38. Rg1 Qxf2 39. Qxe5 Bxh3 40. Be1 Qe3
41. gxh3 Ra2+ 42. Rg2 Rxg2+ 43. Kxg2 Qxe1 44. Qf5+ Kg8 45. Qe6+ 1/2-1/2

[Event "38th ECC Open 2023"]
[Site "Durres ALB"]
[Date "2023.10.05"]
[Round "5.1"]
[Board "5"]
[White "Fedoseev, Vladimir3"]
[Black "Movsesian, Sergei"]
[Result "1-0"]
[WhiteTitle "GM"]
[BlackTitle "GM"]
[WhiteElo "2691"]
[BlackElo "2606"]
[WhiteTeam "Superchess"]
[BlackTeam "Asnieres - Le Grand Echiquier"]
[WhiteFideId "24130737"]
[BlackFideId "310204"]
[EventDate "2023.10.01"]

1. d4 Nf6 2. c4 e6 3. Nf3 Bb4+ 4. Nbd2 b6 5. g3 Bb7 6. Bg2 d5 7. O-O O-O 8. b3
c5 9. Bb2 cxd4 10. Nxd4 Nbd7 11. cxd5 Nxd5 12. Rc1 Rc8 13. Nc4 a6 14. Nf5 N7f6
15. a3 Bc5 16. Nxg7 Kxg7 17. e4 Nc7 18. Qg4+ Kh8 19. Rfd1 Qe7 20. Qf4 Ne8 21. b4
b5 22. Na5 e5 23. Qxe5 Qxe5 24. Bxe5 Bd6 25. Rxc8 Bxc8 26. Bxd6 Nxd6 27. Rxd6
Be6 28. Nb7 1-0

[Event "38th ECC Open 2023"]
[Site "Durres ALB"]
[Date "2023.10.05"]
[Round "5.1"]
[Board "6"]
[White "Cornette, Matthieu"]
[Black "Shevchenko, Kirill"]
[Result "1/2-1/2"]
[WhiteTitle "GM"]
[BlackTitle "GM"]
[WhiteElo "2581"]
[BlackElo "2671"]
[WhiteTeam "Asnieres - Le Grand Echiquier"]
[BlackTeam "Superchess"]
[WhiteFideId "620084"]
[BlackFideId "14129574"]
[EventDate "2023.10.01"]

1. e4 c5 2. Nf3 e6 3. c3 d5 4. e5 d4 5. d3 Nc6 6. g3 Qc7 7. Qe2 Nge7 8. Bg2 Ng6
9. Na3 Bd7 10. Nb5 Qb8 11. cxd4 cxd4 12. O-O Ncxe5 13. Nfxd4 Nc6 14. Nxc6 Bxc6
15. Bxc6+ bxc6 16. Nd4 Bc5 17. Nxc6 Qb5 18. Qe4 Rc8 19. d4 Bb6 20. Ne5 O-O 21.
Nxg6 hxg6 22. b3 Rfd8 23. Be3 Rd5 24. Rac1 Rcd8 25. Rc4 e5 26. dxe5 Rxe5 27. Qf3
Bxe3 28. fxe3 f6 29. Rfc1 Qa5 30. Rc8 Rxc8 31. Rxc8+ Kh7 32. Qe2 Qb6 33. Rc3 Qe6
34. Qd2 Qf5 35. Rc4 Qf3 36. Rh4+ Kg8 37. Qd8+ Kf7 38. Qc7+ Re7 39. Qc4+ Re6 40.
Qc7+ Re7 41. Qc4+ Re6 42. Qc7+ 1/2-1/2

[Event "38th ECC Open 2023"]
[Site "Durres ALB"]
[Date "2023.10.05"]
[Round "5.2"]
[Board "2"]
[White "Grandelius, Nils"]
[Black "Sadhwani, Raunak"]
[Result "1/2-1/2"]
[WhiteTitle "GM"]
[BlackTitle "GM"]
[WhiteElo "2689"]
[BlackElo "2641"]
[WhiteTeam "Novy Bor"]
[BlackTeam "Offerspill Sjakklubb"]
[WhiteFideId "1710400"]
[BlackFideId "35093487"]
[EventDate "2023.10.01"]

1. e4 e5 2. Nf3 Nc6 3. Bb5 Nf6 4. O-O Nxe4 5. d4 Nd6 6. Bxc6 dxc6 7. dxe5 Nf5 8.
Qxd8+ Kxd8 9. h3 Ke8 10. Nc3 h5 11. Ne2 b6 12. Rd1 Bb7 13. Ned4 Nxd4 14. Nxd4
Be7 15. Bf4 Rd8 16. Nf5 Bc8 17. Nxe7 Rxd1+ 18. Rxd1 Kxe7 19. Bg5+ Ke6 20. Bd8
Kxe5 21. Bxc7+ Kf5 22. Bb8 a6 23. Ba7 b5 24. Rd6 Rh6 25. Rd8 Be6 26. b3 Bd5 27.
f3 g5 28. Kf2 a5 29. Be3 a4 30. bxa4 bxa4 31. Ra8 f6 32. Rxa4 Rh7 33. Bd4 Rb7
34. Ra6 h4 35. a4 Rb4 36. Ke3 Ke6 37. Ra7 f5 38. a5 f4+ 39. Kd3 Ra4 40. Kc3 Rc4+
41. Kd3 Ra4 42. Bb6 Bc4+ 43. Kc3 Bf1 44. Bd8 Bxg2 45. Bxg5 Bxh3 46. Bxh4 Bg2 47.
Kb3 Ra1 48. Kb2 Ra4 49. Kb3 Ra1 50. a6 Bxf3 51. Re7+ Kd6 52. a7 c5 53. Kb2 1/2-1/2